| 000 | 00491nam a2200133Ia 4500 | ||
|---|---|---|---|
| 008 | 160809s9999 xx 000 0 und d | ||
| 100 | _aCampbell, Anne. | ||
| 245 | _a`THE INVISIBLESĀ“...DISABILITY IN CHINA IN THE 21ST CENTURY. | ||
| 245 | _cAnne Campbell, Marie Uren University of Canberra, Canberra College. | ||
| 260 | _bInternational Journal of Special Education | ||
| 260 | _c2011 | ||
| 650 | _xSPECIAL EDUCATION | ||
| 856 | _uhttp://www.internationaljournalofspecialed.com/issues.php | ||
| 999 |
_c300458 _d300458 |
||